| 000 -ლიდერი |
| ფიქსირებული სიგრძის საკონტროლო ველი |
01728nam a2200301Ia 4500 |
| 001 - საკონტროლო ნომერი |
| საკონტროლო ველი |
6646 |
| 003 - საკონტროლო ნომრის იდენტიფიკატორი |
| საკონტროლო ველი |
GE_BSU |
| 005 - ბოლო ოპერაციის თარიღი და დრო |
| საკონტროლო ველი |
20191127172443.0 |
| 008 - ფიქსირებული სიგრძის მონაცემთა ელემენტები - ზოგადი ინფორმაცია |
| ფიქსირებული სიგრძის საკონტროლო ველი |
181216s2006||||ge |||||||||||||| ||ge || |
| 020 ## - წიგნის საერთაშორისო სტანდარტული ნომერი |
| International Standard Book Number |
9994043226 |
| 040 ## - კატალოგიზაციის წყარო |
| Transcribing agency |
GE_BSU |
| 041 ## - ენის კოდი |
| Language code of text/sound track or separate title |
geo |
| 080 ## - უნივერსალური ათობითი კლასიფიკაციის ინდექსი |
| Universal Decimal Classification number |
821.353.31 + 821.353.1-32 გ-19 |
| 100 ## - მთავარი ჩანაწერი - პიროვნების სახელი |
| Personal name |
გამსახუხდია, კონსტანტინე |
| 9 (RLIN) |
5597 |
| 245 ## - ცნობა სათაურის შესახებ |
| Title |
თხზულებანი : ათ ტომად : |
| Remainder of title |
ტომი მეორე : დიონისოს ღიმილი ; ლანდებთან ლაციცი ; ნოველები / |
| Statement of responsibility, etc |
კონსტანტინე გამსახურდია ; შემდგ. მანანა არჩვაძე-გამსახურდია ; რედ. ნანა სუხიტაშვილი, ნათელა ჭყოიძე ; მხატვ. გია ცხადაია. |
| 264 ## - წარმოების, გამოცემის, დისტრიბუციის და სხვა ცნობები |
| გამოცემის, წარმოების, დისტრიბუციის... ადგილი |
თბილისი : |
| გამოცემის, წარმოების, დისტრიბუციის... სახელწოდება |
საქ.მაცნე, |
| გამოცემის, წარმოების, დისტრიბუციის... თარიღი |
2006. |
| 300 ## - ფიზიკური აღწერა |
| Extent |
506 გვ. ; |
| Dimensions |
22 სმ. |
| 653 ## - INDEX TERM--UNCONTROLLED |
| Uncontrolled term |
თხზულებანი |
| 653 ## - INDEX TERM--UNCONTROLLED |
| Uncontrolled term |
დიონისოს ღიმილი |
| 653 ## - INDEX TERM--UNCONTROLLED |
| Uncontrolled term |
ლანდებთან ლაციცი |
| 653 ## - INDEX TERM--UNCONTROLLED |
| Uncontrolled term |
ნოველები |
| 653 ## - INDEX TERM--UNCONTROLLED |
| Uncontrolled term |
ათტომეული |
| 700 ## - ADDED ENTRY--PERSONAL NAME |
| Personal name |
არჩვაძე-გამსახურდია, მანანა |
| Relator term |
შემდგენელი |
| 9 (RLIN) |
1396 |
| 700 ## - ADDED ENTRY--PERSONAL NAME |
| Personal name |
სუხიტაშვილი, ნანა |
| Relator term |
რედაქტორი |
| 9 (RLIN) |
5594 |
| 700 ## - ADDED ENTRY--PERSONAL NAME |
| Personal name |
ჭყოიძე, ნათელა |
| Relator term |
რედაქტორი |
| 9 (RLIN) |
1338 |
| 700 ## - ADDED ENTRY--PERSONAL NAME |
| Personal name |
ცხადაია, გია |
| Relator term |
მხატვარი |
| 9 (RLIN) |
5598 |
| 942 ## - ADDED ENTRY ELEMENTS (KOHA) |
| Koha item type |
წიგნი |
| Source of classification or shelving scheme |
|